Under the moon / (Record no. 9494)
[ view plain ]
| 000 -LEADER | |
|---|---|
| fixed length control field | 01469nam a22003017a 4500 |
| 001 - CONTROL NUMBER | |
| control field | 9494 |
| 003 - CONTROL NUMBER IDENTIFIER | |
| control field | FISKH |
| 005 - DATE AND TIME OF LATEST TRANSACTION | |
| control field | 20260115094454.0 |
| 008 - FIXED-LENGTH DATA ELEMENTS--GENERAL INFORMATION | |
| fixed length control field | 260115b cb ||||| |||| 00| 0 eng d |
| 020 ## - INTERNATIONAL STANDARD BOOK NUMBER | |
| International Standard Book Number | 9780194789226 |
| 040 ## - CATALOGING SOURCE | |
| Original cataloging agency | FISKH |
| Language of cataloging | eng |
| Transcribing agency | FISKH |
| Modifying agency | FISKH |
| 050 ## - LIBRARY OF CONGRESS CALL NUMBER | |
| Classification number | PE1126.A4 A445 |
| 082 ## - DEWEY DECIMAL CLASSIFICATION NUMBER | |
| Classification number | 428 |
| 100 ## - MAIN ENTRY--PERSONAL NAME | |
| Personal name | Akinyemi , Rowena |
| 245 ## - TITLE STATEMENT | |
| Title | Under the moon / |
| Statement of responsibility, etc. | By Rowena Akinyemi |
| 250 ## - EDITION STATEMENT | |
| Edition statement | This edition@ Oxford University Press 2008 |
| 260 ## - PUBLICATION, DISTRIBUTION, ETC. | |
| Place of publication, distribution, etc. | Oxford : |
| Name of publisher, distributor, etc. | Oxford University Press , |
| Date of publication, distribution, etc. | 2008 . |
| 300 ## - PHYSICAL DESCRIPTION | |
| Extent | 56 pages : |
| Other physical details | illustrations ; |
| Dimensions | 19 cm . |
| 490 ## - SERIES STATEMENT | |
| Series statement | Oxford Bookworms |
| Volume/sequential designation | 1 |
| 505 ## - FORMATTED CONTENTS NOTE | |
| Formatted contents note | K <br/><br/> |
| 520 ## - SUMMARY, ETC. | |
| Summary, etc. | It is the year 2522, and the planet Earth is dying. The Artificial Ozone Layer is only 300 years old, but it is breaking up fast. Now the sun is burning down on Earth with a white fire. There is no water. Without water, nothing can live. Trees die, plants die, animals die, people die... In a colony under the moon, people wait for news - news from home, news from the planet Earth. And in a spaceship high above Earth, a young man watches numbers on a computer screen. The numbers tell a story, and the young man is afraid. The planet Earth is burning, burning, burning... - Back cover. show less |
| 521 8# - TARGET AUDIENCE NOTE | |
| Target audience note | 510 <br/><br/> |
| Source | Lexile estimate <br/> |
| 521 8# - TARGET AUDIENCE NOTE | |
| Target audience note | K <br/> |
| Source | Raz-Plus <br/> |
| 650 ## - SUBJECT ADDED ENTRY--TOPICAL TERM | |
| Topical term or geographic name entry element | Listening and Read Along |
| Form subdivision | Science fiction |
| 700 ## - ADDED ENTRY--PERSONAL NAME | |
| Personal name | Bassett , Jennifer |
| Relator term | Series Editor |
| 942 ## - ADDED ENTRY ELEMENTS (KOHA) | |
| Source of classification or shelving scheme | Dewey Decimal Classification |
| Koha item type | Books |
| Suppress in OPAC | No |
| Withdrawn status | Lost status | Source of classification or shelving scheme | Damaged status | Not for loan | Collection | Home library | Current library | Shelving location | Date acquired | Total Checkouts | Full call number | Barcode | Date due | Date last seen | Date last checked out | Price effective from | Koha item type |
|---|---|---|---|---|---|---|---|---|---|---|---|---|---|---|---|---|---|
| Dewey Decimal Classification | Juvenile Fiction | Footprints International School Library Network Toul Tom Poung Campus | Footprints International School Library Network Toul Kork Campus | TTP Primary Yellow Bookshelves | 01/15/2026 | 1 | AKI 428 PE1126.A4 A445 | FIS00236 | 04/08/2026 | 03/25/2026 | 03/25/2026 | 01/15/2026 | Books |
